MARC

LEADER 00000nam0a2200000 4500
001 265519
005 20241205170013.0
035 |a (RuTPU)RU\TPU\book\288520 
090 |a 265519 
100 |a 20140626d1985 k y0rusy5003 ca 
101 0 |a rus 
102 |a RU 
105 |a a z 001zy 
200 1 |a Исследования по топографической гидролокационной съемке  |f Центральный научно-исследовательский институт геодезии, аэросъемки и картографии им. Ф. Н. Красовского (ЦНИИГАиК) 
210 |a Москва  |c ЦНИИГАИК  |d 1985 
215 |a 131 с.  |c ил.  |d 20 см 
225 1 |a Сборник научных трудов ЦНИИ геодезии, аэросъемки и картографии  |v Вып. 238 
320 |a Библиогр. в конце статей 
606 1 |a Гидрогеологическая съемка  |2 stltpush  |3 (RuTPU)RU\TPU\subj\6614  |9 34450 
610 1 |a топографическаое изучение 
610 1 |a водоемы 
610 1 |a гидролокаторы 
610 1 |a топографо-геодезические задачи 
610 1 |a эхолоты 
610 1 |a морское дно 
610 1 |a картографирование 
675 |a 556.3:528  |v 3 
712 0 2 |a Центральный научно-исследовательский институт геодезии, аэросъемки и картографии им. Ф. Н. Красовского (ЦНИИГАиК)  |3 (RuTPU)RU\TPU\col\21007 
801 0 |a RU  |b RuMRKP  |c 19950704  |g psbo 
801 1 |a RU  |b 63413507  |c 20140626 
801 2 |a RU  |b 63413507  |c 20150716  |g RCR 
942 |c BK